000 00940aam a2200325 4500
005 20160902125930.0
008 150310b xxu||||| |||| 00| 0 spa d
041 _aspa
082 _a658.022 G216g
100 _aGarcía Asca, Fernando
_97140
245 _aGestión comercial de la Pyme: herramientas y técnicas básicas para gestionar eficazmente su empresa
260 _aColombia
260 _bDe la U
260 _c2010
300 _a240 páginas
650 _aPEQUENA Y MEDIANA EMPRESA
_9943
650 _aEMPRENEDURISMO
_97141
650 _aFRANQUICIAS
_93243
650 _aPLAN ORGANIZACIONAL
_97142
650 _aESTADOS FINANCIEROS
_965
650 _aETICA
_9489
650 _aACTIVOS
_92667
650 _aCREDITO
_975
650 _aPROMOCION
_9685
650 _aCLIENTE
_91451
650 _aADMINISTRACION DE OPERACIONES
_917545
650 _aACTIVOS DE LA EMPRESA
_97144
650 _aMERCADEO
_9270
942 _cBK
999 _c3841
_d3841